La pobreza en México : (Registro nro. 105780)
[ vista simple ]
| 000 -LEADER | |
|---|---|
| fixed length control field | 00718cam a2200193 4500 |
| 008 - FIXED-LENGTH DATA ELEMENTS--GENERAL INFORMATION | |
| fixed length control field | 070328t20042004mx 000 0 spa u |
| 245 03 - TITLE STATEMENT | |
| Title | La pobreza en México : |
| Remainder of title | Una evaluación de las condiciones, las tendencias y la estrategia del gobierno |
| 250 ## - EDITION STATEMENT | |
| Edition statement | 1a. ed. |
| 260 ## - PUBLICATION, DISTRIBUTION, ETC. (IMPRINT) | |
| Place of publication, distribution, etc | México: |
| Name of publisher, distributor, etc | Banco Mundial, |
| Date of publication, distribution, etc | c 2004 |
| 300 ## - PHYSICAL DESCRIPTION | |
| Extent | viii, 48 p. ; |
| Other physical details | il. ; |
| Dimensions | 28 cm. |
| 500 ## - GENERAL NOTE | |
| General note | Traducción de : Povery in Mexico: An Assessment of Trends, Conditions, and Government Strategy. |
| 506 ## - RESTRICTIONS ON ACCESS NOTE | |
| Terms governing access | Donación |
| 650 #7 - SUBJECT ADDED ENTRY--TOPICAL TERM | |
| Topical term or geographic name as entry element | Pobreza |
| Geographic subdivision | México |
| Source of heading or term | lemb. |
| 650 #4 - SUBJECT ADDED ENTRY--TOPICAL TERM | |
| Topical term or geographic name as entry element | Condiciones economicas |
| Geographic subdivision | México |
| 710 1# - ADDED ENTRY--CORPORATE NAME | |
| Corporate name or jurisdiction name as entry element | Pimentel Lusarreta, Marcela, tr. |
| 942 ## - ADDED ENTRY ELEMENTS (KOHA) | |
| Source of classification or shelving scheme | Biblioteca del Cogreso de los Estados Unidos |
| Koha item type | Libro |
| Estado de pérdida | Fuente de clasificación | Estado del daño | No para préstamo | Ubicación permanente | Ubicación actual | Apartado o colección | Fecha de adquisición | Edición | Dependencia de educación superior (DES) | Área del conocimiento | Clasificación | Código de Barras | Date last seen | Número de copia | Tipo de recurso |
|---|---|---|---|---|---|---|---|---|---|---|---|---|---|---|---|
| Biblioteca del Cogreso de los Estados Unidos | Biblioteca del Instituto de Investigaciones Económicas y Empresariales | Biblioteca del Instituto de Investigaciones Económicas y Empresariales | General | 13/11/2015 | 1a ed. | Ciencias Económico Administrativas | Ciencias Sociales y Administrativas | HC 140 .P6 P63 2004 | IIE000004792 | 13/11/2015 | C:1 | Libro |